00484nam a2200193 a 4500001001300000003000900013005001700022008004100039020001000080082001600090100002000106245002400126260004100150300000800191500003500199505001000234650002600244700002000270nice12345678IN_TiNIC20260116012510.0050524s1978 luca grp 000 0 urd  ac10000a297.61bQID aQidwai, Hussain aMawlana Abdul Majid aLucknowbGulzar-E-syedi Press c1978 a99p aincludes index and biblioraphy2 aIndex aIslam-Biography-Ulama1 aQidwai, Hussain